000 01568cam a2200169 4500500
005 20260405085550.0
041 _afre
042 _adc
100 1 0 _aClerc, Pascal
_eauthor
700 1 0 _aDeprest, Florence
_eauthor
700 1 0 _aLabinal, Guilhem
_eauthor
700 1 0 _aMendibil, Didier
_eauthor
245 0 0 _aGéographies : Épistémologie et histoire des savoirs sur l'espace
260 _bArmand Colin,
_c2019.
520 _aLa géographie n’est pas une et ne l’a jamais été. Ses origines et son étymologie l’orientaient surtout vers les sciences de la nature et la description. Aujourd’hui, elle est largement tournée vers les sciences sociales, l’environnement et l’aménagement, et traite de nouvelles thématiques et de nouveaux concepts.À travers 48 courts chapitres, cet ouvrage propose de découvrir l’ensemble de ces évolutions. Après la présentation de quelques moments essentiels et débats majeurs de la discipline, sont étudiés les « Concepts et outils » des géographes et de ceux qui mobilisent des savoirs géographiques. La question des relations de la géographie avec d’autres disciplines ou pratiques intellectuelles est ensuite abordée. La dernière partie présente enfin quelques « Objets » géographiques et permet de mettre en perspective des savoirs exposés auparavant.Un ouvrage à l’attention des étudiants, des candidats aux concours de l’enseignement et des enseignants du secondaire.
856 4 1 _uhttps://shs.cairn.info/geographies--9782200624781?lang=fr&redirect-ssocas=7080
999 _c2198574
_d2198574